000 01267nam a22003617a 4500
001 4923445
003 OSt
005 20210421073725.0
008 950124s1996 paua b 001 0 eng c
010 _a 95003462
020 _a0721659225
040 _aDNLM/DLC
_cDLC
_deng
_beng
050 0 0 _aRC76
_b.J37 1996
060 1 0 _aWB 205 J38p 1996
080 _a616
_bJ-25
082 0 0 _a616.07/54
_220
100 1 _aJarvis, Carolyn.
245 1 0 _aPhysical examination and health assessment /
_cCarolyn Jarvis.
250 _a2nd edition
260 _aPhiladelphia :
_bW. B. Saunders Company
_cc1996.
300 _axx, 937 p. :
_bill. (some col.) ;
_c29 cm.
504 _aIncludes bibliographical references and index.
650 0 _aPhysical diagnosis.
650 0 _aDiagnostics
_977
650 0 _aNursing assessment.
650 1 2 _aPhysical Examination
_xmethods
_xnurses' instruction.
650 2 2 _aNursing Assessment.
653 _aდიაგნოსტირება
653 _aფიზიკური გასინჯვა
906 _a7
_bcbc
_corignew
_d1
_eocip
_f19
_gy-gencatlg
942 _2udc
_cBK
_e2
999 _c706
_d706